White capital and coloured labour; (Record no. 2716)
[ view plain ]
| 000 -LEADER | |
|---|---|
| fixed length control field | 00935cam a22002891 4500 |
| 001 - CONTROL NUMBER | |
| control field | 7273587 |
| 003 - CONTROL NUMBER IDENTIFIER | |
| control field | OSt |
| 005 - DATE AND TIME OF LATEST TRANSACTION | |
| control field | 20230626131337.0 |
| 008 - FIXED-LENGTH DATA ELEMENTS--GENERAL INFORMATION | |
| fixed length control field | 780224s1906 enk 000 0 eng c |
| 010 ## - LIBRARY OF CONGRESS CONTROL NUMBER | |
| LC control number | w 07000219 |
| 035 ## - SYSTEM CONTROL NUMBER | |
| System control number | (OCoLC)3665125 |
| 040 ## - CATALOGING SOURCE | |
| Original cataloging agency | Washington, D.C. Public Library |
| Transcribing agency | NNR |
| Modifying agency | NNR |
| -- | DLC |
| 050 00 - LIBRARY OF CONGRESS CALL NUMBER | |
| Classification number | |
| Item number | |
| 082 ## - DEWEY DECIMAL CLASSIFICATION NUMBER | |
| Classification number | 331.6 |
| Item number | OLI |
| 100 1# - MAIN ENTRY--PERSONAL NAME | |
| Personal name | Olivier, Sydney Haldane Olivier, |
| Titles and words associated with a name | Baron, |
| Dates associated with a name | 1859-1943. |
| 245 00 - TITLE STATEMENT | |
| Title | White capital and coloured labour; |
| Statement of responsibility, etc. | by Sydney Olivier. |
| 260 ## - PUBLICATION, DISTRIBUTION, ETC. (IMPRINT) | |
| Place of publication, distribution, etc. | London, |
| Name of publisher, distributor, etc. | Independent Labour Party, |
| Date of publication, distribution, etc. | 1906. |
| 300 ## - PHYSICAL DESCRIPTION | |
| Extent | vi, 175 p. |
| Dimensions | 19 cm. |
| 490 0# - SERIES STATEMENT | |
| Series statement | The Socialist Library-IV [ed. by J. Ramsey MacDonald] |
| 500 ## - GENERAL NOTE | |
| General note | On cover: The Socialist Library. IV. |
| 500 ## - GENERAL NOTE | |
| General note | Title in red and black. |
| 500 ## - GENERAL NOTE | |
| General note | Series title also at head of t.-p. |
| 650 #0 - SUBJECT ADDED ENTRY--TOPICAL TERM | |
| Topical term or geographic name as entry element | Black people. |
| 650 #0 - SUBJECT ADDED ENTRY--TOPICAL TERM | |
| Topical term or geographic name as entry element | African Americans. |
| 906 ## - LOCAL DATA ELEMENT F, LDF (RLIN) | |
| a | 7 |
| b | cbc |
| c | oclcrpl |
| d | u |
| e | ncip |
| f | 19 |
| g | y-gencatlg |
| 942 ## - ADDED ENTRY ELEMENTS (KOHA) | |
| Source of classification or shelving scheme | Dewey Decimal Classification |
| Koha item type | Books |
| Withdrawn status | Lost status | Source of classification or shelving scheme | Damaged status | Not for loan | Home library | Current library | Date acquired | Total Checkouts | Full call number | Barcode | Date last seen | Price effective from | Koha item type |
|---|---|---|---|---|---|---|---|---|---|---|---|---|---|
| Dewey Decimal Classification | County Hall Archives | County Hall Archives | 06/26/2023 | 331.6 OLI | 10000422 | 06/26/2023 | 06/26/2023 | Books |
